Introduction to international disaster management
Saved in:
| Hovedforfatter: | |
|---|---|
| Format: | Bog |
| Sprog: | engelsk |
| Udgivet: |
Waltham
Butterworth-Heinemann
2015
|
| Udgivelse: | 3a. ed |
| Fag: | |
| Tags: |
Tilføj Tag
Ingen Tags, Vær først til at tagge denne postø!
|
MARC
| LEADER | 00000cam a2200000 a 4500 | ||
|---|---|---|---|
| 001 | UCE9090 | ||
| 003 | CL-VaPUC | ||
| 008 | 150928e20150000us |||||||||||||||||eng|d | ||
| 020 | |a 9780128014776 | ||
| 082 | 0 | 4 | |a 363.3480973 |b COP |2 21 |
| 100 | 0 | |a Coppola, Damon P |e author |9 581789 | |
| 245 | 1 | 0 | |a Introduction to international disaster management |
| 250 | |a 3a. ed | ||
| 300 | |a 733 p | ||
| 942 | |c BK | ||
| 945 | |d 20150928 14:02:00 |a gsalatino | ||
| 260 | |a Waltham |b Butterworth-Heinemann |c 2015 | ||
| 650 | 0 | |a Desastres naturales |9 269276 | |
| 650 | 7 | |a DESASTRES ECOLOGICOS |2 CL-VaPUC |9 338125 | |
| 650 | 7 | |a EMERGENCIA |2 CL-VaPUC |9 375255 | |
| 650 | 7 | |a CATASTROFES NACIONALES |2 CL-VaPUC |9 507212 | |
| 650 | 0 | |a Catástrofes naturales |9 268107 | |
| 583 | |a last modification |c 20151001 12:11:28 |k Rodrigo Vera | ||
| 999 | |c 360798 |d 360796 | ||
| 952 | |0 0 |1 0 |3 erb |4 0 |6 363_348097300000000_COP_2015 |7 0 |8 A |9 470764 |a BIBING |b BIBING |i 5199379 |o 363.3480973 COP 2015 |p 5199379 |r 2025-01-20 |w 2019-11-23 |y BK |z Catalogado en:20150928 |k TRA | ||